000
00314nam a2200121Ia 4500
008
240624s9999 xx 000 0 und d
041
_a
eng
082
_a
658.787 HAD
100
_a
HADLEY G
245
_a
ANALYSIS OF INVENTORY SYSTEMS
260
_c
1963
_a
New York
_b
Prentice-Hall
300
_a
vii, : 452 : p. : cm. ; 20
999
_c
5220
_d
5220